Oceňovanie bariérových opcií a ich využitie
Bariérové opcie patria k najstarším druhom exotických opcií. Začiatky obchodovania s týmito opciami spadajú do r. 1967. Hlavným dôvodom ich využívania bola a je nižšia cena v prorovnaní s klasickými opciami. Oceňovanie štandardných bariérových opcií. Praktický príklad využitia bariérovej opcie.
Salvato in:
| Autore principale: | |
|---|---|
| Altri autori: | |
| Natura: | Capitolo di libro |
| Lingua: | slovacco |
| Soggetti: | |
| Tags: |
Nessun Tag, puoi essere il primo ad aggiungerne!!
|
MARC
| LEADER | 00000naa$a2200000$$$4500 | ||
|---|---|---|---|
| 001 | 0135293 | ||
| 005 | 20240502083327.9 | ||
| 041 | 0 | |a slo | |
| 044 | |a CZ | ||
| 245 | 1 | 0 | |a Oceňovanie bariérových opcií a ich využitie |c Boris Šturc, Natália Žoldáková |
| 520 | |a Bariérové opcie patria k najstarším druhom exotických opcií. Začiatky obchodovania s týmito opciami spadajú do r. 1967. Hlavným dôvodom ich využívania bola a je nižšia cena v prorovnaní s klasickými opciami. Oceňovanie štandardných bariérových opcií. Praktický príklad využitia bariérovej opcie. | ||
| 610 | 2 | 0 | |a opcie |
| 610 | 2 | 0 | |a oceňovanie |
| 610 | 2 | 0 | |a modely |
| 100 | 1 | |a Šturc, Boris, 1961- | |
| 700 | 1 | |a Žoldáková, Natália, 1985- | |